| Tag |
First Indicator |
Second Indicator |
Subfields |
| LEADER |
00000cam a22000004a 4500 |
| 001 |
in00001844721 |
| 005 |
20151026084705.0 |
| 008 |
040322s2004 ie 000 0 eng c |
| 020 |
|
|
|a 1853907774
|
| 035 |
|
|
|a (OCoLC)ocm54779628
|
| 040 |
|
|
|a COO
|c COO
|d IEKBA
|d TXA
|d UtOrBLW
|
| 041 |
1 |
|
|a eng
|h gle
|
| 042 |
|
|
|a pcc
|
| 043 |
|
|
|a e-ie---
|
| 049 |
|
|
|a TXAM
|
| 050 |
|
4 |
|a PB1214
|b .W46 2004
|
| 245 |
0 |
0 |
|a Who needs Irish? :
|b reflections on the importance of the Irish language today /
|c edited by Ciaran Mac Murchaidh.
|
| 264 |
|
1 |
|a Dublin :
|b Veritas,
|c 2004.
|
| 300 |
|
|
|a 192 pages ;
|c 22 cm.
|
| 336 |
|
|
|a text
|b txt
|2 rdacontent
|
| 337 |
|
|
|a unmediated
|b n
|2 rdamedia
|
| 338 |
|
|
|a volume
|b nc
|2 rdacarrier
|
| 504 |
|
|
|a Includes bibliographical references.
|
| 650 |
|
0 |
|a Irish language
|x Social aspects.
|
| 650 |
|
0 |
|a Irish language
|x Political aspects.
|
| 700 |
1 |
|
|a Mac Murchaidh, Ciarán.
|
| 948 |
|
|
|a cataloged
|b h
|c 2004/8/11
|d c
|e jgreene
|f 5:20:11 pm
|
| 994 |
|
|
|a E0
|b TXA
|
| 999 |
|
|
|a MARS
|
| 999 |
f |
f |
|s a948150c-1b6b-3109-b584-7b656166f7ad
|i f8d53ef2-3a3e-3885-9719-1d63387c62fc
|t 0
|
| 952 |
f |
f |
|p normal
|a Texas A&M University
|b College Station
|c Sterling C. Evans Library
|d Evans: Library Stacks
|t 0
|e PB1214 .W46 2004
|h Library of Congress classification
|i unmediated -- volume
|m A14831287242
|
| 998 |
f |
f |
|a PB1214 .W46 2004
|t 0
|l Evans: Library Stacks
|